[Event "Paulista-chTB"]
[Site "Sao Paulo"]
[Date "2015.03.07"]
[Round "5.4"]
[White "Gazola, Vanessa Ramos"]
[Black "Van Riemsdijk, Vinicius Paulo"]
[Result "1-0"]
[WhiteElo "2099"]
[BlackElo "2228"]
[PlyCount "75"]
[EventDate "2015.02.28"]
[EventType "team-tourn"]
[EventRounds "7"]
[EventCountry "BRA"]
[SourceTitle "EXT 2017"]
[Source "ChessBase"]
[SourceDate "2016.10.25"]
[SourceVersion "1"]
[SourceVersionDate "2016.10.25"]
[SourceQuality "1"]
[WhiteTeam "Circulo Militar"]
[BlackTeam "Pinheiros II"]
[WhiteTeamCountry "BRA"]
[BlackTeamCountry "BRA"]

1. d4 e6 2. c4 b6 3. Nf3 Bb7 4. a3 Nf6 5. Nc3 Be7 6. d5 d6 7. g3 0-0 8. Bg2 e5 9. 0-0 a5 10. b3 Nbd7 11. Bb2 Nc5 12. Qc2 a4 13. b4 Nb3 14. Rad1 Qd7 15. e3 Ng4 16. Nd2 Nxd2 17. Rxd2 f5 18. h3 Nh6 19. Ne2 Bg5 20. f4 Bf6 21. Kh2 Qe8 22. e4 Qh5 23. Kg1 Rae8 24. exf5 Qxf5 25. fxe5 Qxc2 26. Rxc2 Bxe5 27. Rxf8+ Kxf8 28. Bxe5 Rxe5 29. Nc3 Nf5 30. Rf2 Ke7 31. g4 Ne3 32. Bf1 Nxf1 33. Kxf1 c6 34. dxc6 Bxc6 35. Re2 Kf6 36. b5 Bb7 37. Nxa4 Bg2+ 38. Rxg2 1-0

[Event "Paulista-chT Interclubes 17th"]
[Site "Sao Paulo"]
[Date "2006.02.??"]
[Round "6"]
[White "Gerbelli Neto, Eduardo"]
[Black "Van Riemsdijk, Vinicius Paulo"]
[Result "1-0"]
[WhiteElo "2215"]
[BlackElo "2202"]
[PlyCount "43"]
[EventDate "2006.02.11"]
[EventType "team-tourn"]
[EventRounds "7"]
[EventCountry "BRA"]
[SourceTitle "EXT 2022"]
[Source "ChessBase"]
[SourceDate "2021.10.06"]
[SourceVersion "1"]
[SourceVersionDate "2021.10.06"]
[SourceQuality "1"]
[WhiteTeam "Sao Bernardo do C LX"]
[BlackTeam "Pinheiros EC"]
[WhiteTeamCountry "BRA"]
[BlackTeamCountry "BRA"]

1. e4 Nc6 2. d4 d5 3. Nc3 dxe4 4. d5 Ne5 5. Qd4 Ng6 6. Be3 f5 7. Nh3 e5 8. dxe6 Qxd4 9. Bxd4 c6 10. Bc4 Be7 11. Bxg7 Bf6 12. Bxh8 Bxh8 13. Ng5 Ne5 14. Bb3 Ke7 15. 0-0-0 Bg7 16. Kb1 Nf6 17. f3 a5 18. Rhe1 exf3 19. Rxe5 Ne4 20. Rxf5 Bxc3 21. Rf7+ Ke8 22. Nxe4 1-0

[Event "Paulista-chT Interclubes 17th"]
[Site "Sao Paulo"]
[Date "2006.02.??"]
[Round "1"]
[White "Nogueira, Ivan Kuhlmann"]
[Black "Van Riemsdijk, Vinicius Paulo"]
[Result "1-0"]
[WhiteElo "2307"]
[BlackElo "2202"]
[PlyCount "47"]
[EventDate "2006.02.11"]
[EventType "team-tourn"]
[EventRounds "7"]
[EventCountry "BRA"]
[SourceTitle "EXT 2022"]
[Source "ChessBase"]
[SourceDate "2021.10.06"]
[SourceVersion "1"]
[SourceVersionDate "2021.10.06"]
[SourceQuality "1"]
[WhiteTeam "Circulo Militar"]
[BlackTeam "Pinheiros EC"]
[WhiteTeamCountry "BRA"]
[BlackTeamCountry "BRA"]

1. e4 c5 2. Nf3 e6 3. g3 Nc6 4. Bg2 g6 5. d4 Bg7 6. d5 Nd4 7. 0-0 Qb6 8. Nfd2 Ne7 9. a4 exd5 10. c3 Ndc6 11. exd5 Ne5 12. f4 c4+ 13. Kh1 Nd3 14. Nxc4 Nf2+ 15. Rxf2 Qxf2 16. Be3 Qxe3 17. Nxe3 d6 18. Nc4 0-0 19. Nxd6 Rd8 20. Nc4 Bf5 21. Ne3 Rac8 22. Qb3 Rc5 23. Qxb7 Rd7 24. Qb4 1-0

[Event "BRA-chT"]
[Site "Sao Paulo"]
[Date "2005.03.??"]
[Round "1"]
[White "Van Riemsdijk, Vinicius Paulo"]
[Black "Tsuboi, Edson Kenji"]
[Result "0-1"]
[WhiteElo "2202"]
[BlackElo "2380"]
[PlyCount "76"]
[EventDate "2005.03.??"]
[EventType "team-swiss"]
[EventRounds "7"]
[EventCountry "BRA"]
[SourceTitle "EXT 2016"]
[Source "ChessBase"]
[SourceDate "2015.10.08"]
[SourceVersion "1"]
[SourceVersionDate "2015.10.08"]
[SourceQuality "1"]

1. e4 c5 2. Nf3 Nc6 3. Bb5 g6 4. 0-0 Bg7 5. c3 Nf6 6. Re1 0-0 7. d3 d6 8. Nbd2 Bd7 9. Nf1 Rc8 10. Bg5 Qb6 11. a4 a6 12. a5 Qxb5 13. c4 Qxb2 14. Re2 Qc3 15. Rc2 Qb3 16. Rb1 Qa4 17. Ra1 Qb4 18. Rca2 Nd4 19. Rb1 Qc3 20. Ne1 Ne6 21. Bd2 Qe5 22. Nf3 Qh5 23. Ng3 Qxf3 24. gxf3 Bc6 25. f4 Nd4 26. Be3 Nd7 27. Bxd4 Bxd4 28. Qg4 e6 29. f5 Ne5 30. Qh3 exf5 31. exf5 Nxd3 32. Rd2 Ne5 33. Rb3 Rce8 34. f6 Re6 35. Kf1 Rxf6 36. Ke2 Re8 37. Kd1 Ba4 38. Ne4 Rf4 0-1

[Event "Sao Paulo Communic 3rd"]
[Site "Sao Paulo"]
[Date "2003.??.??"]
[Round "9"]
[White "Van Riemsdijk, Vinicius Paulo"]
[Black "Santos, Marcus Vinicius M"]
[Result "0-1"]
[WhiteElo "2189"]
[BlackElo "2275"]
[PlyCount "58"]
[EventDate "2003.10.30"]
[EventType "tourn"]
[EventRounds "9"]
[EventCountry "BRA"]
[EventCategory "2"]
[SourceTitle "EXT 2004"]
[Source "ChessBase"]
[SourceDate "2003.11.25"]
[SourceVersion "1"]
[SourceVersionDate "2003.11.25"]
[SourceQuality "1"]

1. e4 e5 2. Nf3 Nc6 3. Bb5 a6 4. Ba4 Nf6 5. 0-0 Be7 6. Re1 b5 7. Bb3 d6 8. c3 0-0 9. h3 Na5 10. Bc2 c5 11. d4 Qc7 12. Nbd2 Rd8 13. Nf1 cxd4 14. cxd4 exd4 15. Nxd4 d5 16. e5 Ne4 17. Bf4 Bc5 18. Rc1 Qb6 19. Be3 Nc4 20. Nb3 Bxe3 21. Nxe3 Nxe5 22. Qh5 Qf6 23. Nxd5 Qxf2+ 24. Kh2 Qg3+ 25. Kg1 Bg4 26. Ne7+ Kf8 27. Qxe5 Qxe5 28. Rxe4 Qxb2 29. hxg4 Rd2 0-1

[Event "Sao Paulo Communic 3rd"]
[Site "Sao Paulo"]
[Date "2003.??.??"]
[Round "2"]
[White "Van Riemsdijk, Vinicius Paulo"]
[Black "Vera, I Jorge"]
[Result "0-1"]
[WhiteElo "2189"]
[BlackElo "2234"]
[PlyCount "78"]
[EventDate "2003.10.30"]
[EventType "tourn"]
[EventRounds "9"]
[EventCountry "BRA"]
[EventCategory "2"]
[SourceTitle "EXT 2004"]
[Source "ChessBase"]
[SourceDate "2003.11.25"]
[SourceVersion "1"]
[SourceVersionDate "2003.11.25"]
[SourceQuality "1"]

1. e4 c5 2. Nf3 d6 3. d4 cxd4 4. Qxd4 Bd7 5. c4 Nc6 6. Qd2 Nf6 7. Nc3 g6 8. b3 Bg7 9. Bb2 0-0 10. Be2 Bg4 11. 0-0 Nd7 12. Nb5 Bxb2 13. Qxb2 Nc5 14. h3 Bxf3 15. Bxf3 a6 16. Nd4 Nxd4 17. Qxd4 e5 18. Qd5 Qe7 19. Rad1 Rad8 20. g3 Ne6 21. Bg2 Nd4 22. f4 Ne2+ 23. Kh2 Nc3 24. Qd2 Nxd1 25. f5 f6 26. Rxd1 g5 27. Bf3 Qc7 28. Qd5+ Kg7 29. Bh5 Rd7 30. Qe6 Rfd8 31. h4 h6 32. hxg5 hxg5 33. Kg2 Qa5 34. Bg6 Qxa2+ 35. Kf1 Qxb3 36. Rxd6 Qf3+ 37. Kg1 Qxg3+ 38. Kf1 Qh3+ 39. Kg1 Rxd6 0-1

[Event "Sao Paulo-ch fin"]
[Site "Serra Negra"]
[Date "2002.??.??"]
[Round "?"]
[White "Van Riemsdijk, Vinicius Paulo"]
[Black "Rouanet, Luiz Paulo"]
[Result "0-1"]
[WhiteElo "2193"]
[BlackElo "2017"]
[PlyCount "106"]
[EventDate "2002.05.30"]
[EventType "swiss"]
[EventRounds "9"]
[EventCountry "BRA"]
[SourceTitle "CBM 088 Extra"]
[Source "ChessBase"]
[SourceDate "2002.07.01"]
[SourceVersion "2"]
[SourceVersionDate "2002.07.01"]
[SourceQuality "1"]

1. e4 e5 2. Nc3 Nf6 3. Bc4 Be7 4. f4 d6 5. d3 0-0 6. Nf3 Nc6 7. 0-0 Bg4 8. h3 Be6 9. Bxe6 fxe6 10. fxe5 dxe5 11. Ng5 Nd4 12. Be3 h6 13. Nf3 Nc6 14. g4 Nh7 15. Qd2 a6 16. Rf2 Bh4 17. Nxh4 Qxh4 18. Kg2 Qe7 19. Raf1 Rxf2+ 20. Rxf2 Rf8 21. Rxf8+ Nxf8 22. Ne2 g5 23. h4 Nh7 24. Ng1 Nd8 25. Nf3 Nf7 26. h5 Nf6 27. Kg3 c6 28. Qa5 Qd6 29. Qb6 Qb8 30. Qc5 Qf8 31. Qa5 Qd6 32. Bb6 Ne8 33. Nd2 Qb8 34. Nc4 Kh7 35. Kh3 Ned6 36. Nxe5 Qh8 37. Bd4 Qf6 38. Qc7 Qf1+ 39. Kg3 Qf4+ 40. Kg2 Kg7 41. Qb8 Kh7 42. Qc7 Kg8 43. Qb8+ Kh7 44. Nxf7 Qxg4+ 45. Kf2 Nxf7 46. Qf8 Qf4+ 47. Ke2 e5 48. Be3 Qg4+ 49. Kd2 Qxh5 50. d4 Qg6 51. dxe5 Nxe5 52. Qe7+ Qg7 53. Qe6 Qd7+ 0-1

[Event "Paulista-chT Interclubes 12th"]
[Site "Sao Paulo"]
[Date "2001.03.??"]
[Round "1"]
[White "Freitas, Romeu Salvador"]
[Black "Van Riemsdijk, Vinicius Paulo"]
[Result "1-0"]
[WhiteElo "2238"]
[BlackElo "2164"]
[PlyCount "51"]
[EventDate "2001.03.10"]
[EventType "team-tourn"]
[EventRounds "7"]
[EventCountry "BRA"]
[SourceTitle "EXT 2022"]
[Source "ChessBase"]
[SourceDate "2021.10.06"]
[SourceVersion "1"]
[SourceVersionDate "2021.10.06"]
[SourceQuality "1"]
[WhiteTeam "Primeiro de Maio FC II"]
[BlackTeam "Primeiro de Maio FC"]
[WhiteTeamCountry "BRA"]
[BlackTeamCountry "BRA"]

1. d4 Nf6 2. c4 e6 3. Nc3 c5 4. d5 exd5 5. cxd5 d6 6. e4 g6 7. f4 Bg7 8. Bb5+ Nfd7 9. Be2 0-0 10. Nf3 Re8 11. 0-0 Nf6 12. e5 dxe5 13. fxe5 Ng4 14. Bg5 Qb6 15. e6 fxe6 16. Qd2 e5 17. d6 e4 18. Bc4+ Be6 19. Nd5 Bxd5 20. Qxd5+ Kh8 21. Rae1 Qc6 22. Rxe4 Qd7 23. Rxe8+ Qxe8 24. h3 Ne3 25. Bxe3 Qxe3+ 26. Kh1 1-0

[Event "Paulista-chT Interclubes 12th"]
[Site "Sao Paulo"]
[Date "2001.03.??"]
[Round "7"]
[White "Marques, Vinicius de Abreu"]
[Black "Van Riemsdijk, Vinicius Paulo"]
[Result "1/2-1/2"]
[WhiteElo "2324"]
[BlackElo "2164"]
[PlyCount "59"]
[EventDate "2001.03.10"]
[EventType "team-tourn"]
[EventRounds "7"]
[EventCountry "BRA"]
[SourceTitle "EXT 2022"]
[Source "ChessBase"]
[SourceDate "2021.10.06"]
[SourceVersion "1"]
[SourceVersionDate "2021.10.06"]
[SourceQuality "1"]
[WhiteTeam "Marília XC"]
[BlackTeam "Primeiro de Maio FC"]
[WhiteTeamCountry "BRA"]
[BlackTeamCountry "BRA"]

1. Nf3 c5 2. c4 g6 3. Nc3 Bg7 4. g3 Nf6 5. Bg2 Nc6 6. 0-0 e5 7. Ne1 0-0 8. Nc2 d6 9. Ne3 Nh5 10. Ned5 f5 11. d3 Be6 12. a3 Qd7 13. f4 Rae8 14. Rb1 Kh8 15. Bd2 Qd8 16. b4 b6 17. e3 exf4 18. gxf4 Ne7 19. Qa4 Bxd5 20. Nxd5 Nxd5 21. Bxd5 Qh4 22. Bf3 g5 23. Qd1 g4 24. Bg2 Re6 25. Be1 Qe7 26. e4 fxe4 27. f5 Rh6 28. dxe4 Bd4+ 29. Bf2 Be5 30. Qd2 1/2-1/2

[Event "Paulista-chT Interclubes 12th"]
[Site "Sao Paulo"]
[Date "2001.03.??"]
[Round "5"]
[White "Tsuboi, Edson Kenji"]
[Black "Van Riemsdijk, Vinicius Paulo"]
[Result "1/2-1/2"]
[WhiteElo "2317"]
[BlackElo "2164"]
[PlyCount "80"]
[EventDate "2001.03.10"]
[EventType "team-tourn"]
[EventRounds "7"]
[EventCountry "BRA"]
[SourceTitle "EXT 2022"]
[Source "ChessBase"]
[SourceDate "2021.10.06"]
[SourceVersion "1"]
[SourceVersionDate "2021.10.06"]
[SourceQuality "1"]
[WhiteTeam "Paulistano CA"]
[BlackTeam "Primeiro de Maio FC"]
[WhiteTeamCountry "BRA"]
[BlackTeamCountry "BRA"]

1. e4 c5 2. Nf3 e6 3. d4 cxd4 4. Nxd4 Nf6 5. Nc3 d6 6. Be2 a6 7. 0-0 Be7 8. Be3 Qc7 9. f4 Nc6 10. a4 0-0 11. Kh1 b6 12. Nxc6 Qxc6 13. Bf3 Bb7 14. e5 Nd5 15. Nxd5 exd5 16. Bd4 Rad8 17. Qd2 dxe5 18. Bxe5 Bf6 19. Rfe1 Rfe8 20. Bxf6 Qxf6 21. c3 Rxe1+ 22. Rxe1 Bc6 23. b3 g6 24. Re5 Qd6 25. h3 Qa3 26. Qd1 Rd6 27. Kh2 b5 28. axb5 axb5 29. Bxd5 Qb2 30. c4 bxc4 31. bxc4 Qf2 32. Qg4 Bxd5 33. cxd5 Qd4 34. Qf3 Kg7 35. h4 h5 36. Kh3 Rf6 37. Kg3 Rd6 38. Qb3 Kh7 39. Qb8 Rxd5 40. Qf8 Rd7 1/2-1/2

[Event "Paulista-chT Interclubes 12th"]
[Site "Sao Paulo"]
[Date "2001.03.??"]
[Round "2"]
[White "Van Riemsdijk, Vinicius Paulo"]
[Black "Matsuura, Everaldo"]
[Result "1/2-1/2"]
[WhiteElo "2164"]
[BlackElo "2452"]
[PlyCount "73"]
[EventDate "2001.03.10"]
[EventType "team-tourn"]
[EventRounds "7"]
[EventCountry "BRA"]
[SourceTitle "EXT 2022"]
[Source "ChessBase"]
[SourceDate "2021.10.06"]
[SourceVersion "1"]
[SourceVersionDate "2021.10.06"]
[SourceQuality "1"]
[WhiteTeam "Primeiro de Maio FC"]
[BlackTeam "Circulo Militar"]
[WhiteTeamCountry "BRA"]
[BlackTeamCountry "BRA"]

1. e4 c5 2. Nf3 Nc6 3. Nc3 g6 4. Bc4 Bg7 5. 0-0 e6 6. Re1 Nge7 7. d4 Nxd4 8. Nxd4 cxd4 9. Nb5 0-0 10. Nxd4 d5 11. exd5 Nxd5 12. Nf3 Qc7 13. Qe2 Bd7 14. c3 Rfe8 15. Bg5 h6 16. Bd2 Nb6 17. Bb3 e5 18. Rad1 a6 19. Qe4 Bf5 20. Qh4 Qe7 21. Be3 g5 22. Qh5 Nd7 23. Nh4 Bh7 24. Qxf7+ Qxf7 25. Bxf7+ Kxf7 26. Rxd7+ Kg8 27. Nf3 Be4 28. Red1 Bc6 29. R7d2 Bf6 30. Ne1 Kf7 31. Nd3 a5 32. Nc5 Rad8 33. Nd7 a4 34. Nxe5+ Rxe5 35. Rxd8 Bxd8 36. Rxd8 Rd5 37. Rxd5 1/2-1/2

[Event "Sao Paulo op"]
[Site "Sao Paulo"]
[Date "2000.??.??"]
[Round "5"]
[White "Camara, Helder"]
[Black "Van Riemsdijk, Vinicius Paulo"]
[Result "1-0"]
[WhiteElo "2347"]
[BlackElo "2160"]
[PlyCount "97"]
[EventDate "2000.??.??"]
[EventType "swiss"]
[EventRounds "7"]
[EventCountry "BRA"]
[SourceTitle "EXT 2001"]
[Source "ChessBase"]
[SourceDate "2000.11.22"]
[SourceVersion "1"]
[SourceVersionDate "2000.11.22"]
[SourceQuality "1"]

1. d4 e6 2. Nf3 b6 3. e3 Bb7 4. Nbd2 f5 5. Bd3 Nf6 6. c3 Be7 7. Qe2 0-0 8. e4 fxe4 9. Nxe4 Nxe4 10. Bxe4 Bxe4 11. Qxe4 Na6 12. Bf4 c5 13. d5 exd5 14. Qxd5+ Kh8 15. Bg3 Nc7 16. Qb7 d6 17. 0-0 Qc8 18. Qc6 Ne8 19. Qe4 Bf6 20. Rad1 Qd8 21. Qd5 Nc7 22. Qc6 Ne8 23. Bxd6 Rc8 24. Qd5 Nxd6 25. Qxd6 Qe8 26. Qd7 Qe2 27. Rd2 Qa6 28. a4 Rcd8 29. Qb5 Qb7 30. Rfd1 Rxd2 31. Rxd2 a6 32. Qc4 h6 33. Qe6 Qb8 34. h3 Re8 35. Qf5 Qc8 36. Qxc8 Rxc8 37. Rd6 Rb8 38. Nd2 b5 39. Rxa6 b4 40. Ne4 bxc3 41. bxc3 Rb1+ 42. Kh2 Be5+ 43. g3 Re1 44. f3 h5 45. h4 Re2+ 46. Kg1 Ra2 47. Re6 Bc7 48. Ng5 g6 49. Re8+ 1-0

[Event "IGSP op-B"]
[Site "Sao Caetano do Sul"]
[Date "1999.??.??"]
[Round "4"]
[White "Malbran, Emilio"]
[Black "Van Riemsdijk, Vinicius Paulo"]
[Result "1-0"]
[WhiteElo "2177"]
[BlackElo "2126"]
[PlyCount "71"]
[EventDate "1999.??.??"]
[EventType "swiss"]
[EventRounds "7"]
[EventCountry "BRA"]
[SourceTitle "EXT 2000"]
[Source "ChessBase"]
[SourceDate "1999.11.16"]
[SourceVersion "1"]
[SourceVersionDate "1999.11.16"]
[SourceQuality "1"]

1. e4 c5 2. Nf3 e6 3. d4 cxd4 4. Nxd4 Nf6 5. Nc3 d6 6. Bd3 Be7 7. 0-0 a6 8. a4 Nc6 9. Nxc6 bxc6 10. Qe2 Qc7 11. Bd2 Bb7 12. Rae1 h5 13. f4 Rd8 14. Kh1 e5 15. Bxa6 Ba8 16. Bd3 0-0 17. h3 exf4 18. Bxf4 Qa5 19. e5 dxe5 20. Bxe5 Rfe8 21. Bxf6 gxf6 22. Rf5 Bc5 23. Qxe8+ Rxe8 24. Rxe8+ Kg7 25. Rxa8 Qxa8 26. Rxc5 Qb8 27. b3 Qb4 28. Rc4 Qe7 29. Re4 Qc5 30. Nd1 f5 31. Rf4 h4 32. Rxf5 Qe7 33. Rf1 Qb4 34. Ne3 c5 35. Nc4 Qc3 36. a5 1-0

[Event "BRA-ch sf"]
[Site "Teresina"]
[Date "1998.06.??"]
[Round "7"]
[White "Borges, Wagner da Silva"]
[Black "Van Riemsdijk, Vinicius Paulo"]
[Result "1/2-1/2"]
[WhiteElo "2280"]
[BlackElo "2125"]
[PlyCount "85"]
[EventDate "1998.06.07"]
[EventType "swiss"]
[EventRounds "9"]
[EventCountry "BRA"]
[SourceTitle "EXT 2022"]
[Source "ChessBase"]
[SourceDate "2021.10.06"]
[SourceVersion "1"]
[SourceVersionDate "2021.10.06"]
[SourceQuality "1"]

1. e4 c5 2. Nf3 e6 3. d4 cxd4 4. Nxd4 Nf6 5. Nc3 d6 6. g3 Be7 7. Bg2 a6 8. a4 0-0 9. 0-0 Qc7 10. h3 Nc6 11. Nde2 Bd7 12. Be3 Rfe8 13. Qd2 Rad8 14. Rad1 Nb4 15. Bf4 Bc6 16. Qc1 b6 17. g4 Qb7 18. Ng3 e5 19. Bg5 d5 20. Bxf6 Bxf6 21. exd5 Nxd5 22. Nxd5 Rxd5 23. Bxd5 Bxd5 24. Rxd5 Qxd5 25. Rd1 Qc6 26. b3 h6 27. c4 Bg5 28. Qc3 b5 29. axb5 axb5 30. Rd5 bxc4 31. Qxc4 Qb7 32. Qb5 Qa8 33. Nf1 Bf4 34. Rd7 e4 35. Ra7 Qc8 36. Qd5 Qe6 37. Qxe6 Rxe6 38. Rb7 Rd6 39. Ne3 Rd3 40. Nf1 Rxh3 41. Rb4 Bd6 42. Rxe4 Rxb3 43. Kg2 1/2-1/2